000 00336nam a2200121Ia 4500
005 20260326235506.0
008 260326s9999||||xx |||||||||||||| ||und||
100 _aGarces de Lloreda, Maria Antonia
245 0 _aHaciendas Coloniales /
_cMaria Antonia Garces de Lloreda
260 _bSandri
650 _aARQUITECTURA REGIONAL
942 _cBK
999 _c8189
_d8189